| 000 | 00529nam a22001577a 4500 | ||
|---|---|---|---|
| 005 | 20230208033545.0 | ||
| 008 | 230208b |||||||| |||| 00| 0 eng d | ||
| 020 | _a978-1-4833-7546-5 | ||
| 082 | _a415 B517 2015 | ||
| 100 |
_aBernabei, Gretchen, _eauthor. |
||
| 245 |
_aGrammar keepers: _blessons that tackle students′ most persistent problems once and for all, grades 4-12 / _cGretchen Bernabei. |
||
| 260 |
_aCalifornia : _bCorwin, _cc2015. |
||
| 300 |
_axi, 262p. ; _bill. |
||
| 541 | _e5809 | ||
| 650 | _aEnglish language. Grammar. | ||
| 999 |
_c958 _d958 |
||